| 000 | 00712nac a22001931u 4500 | ||
|---|---|---|---|
| 010 | _a 47002341 | ||
| 035 | _a(OCoLC)2150505 | ||
| 082 |
_a660 _bH8381 |
||
| 090 |
_c4377 _d4377 |
||
| 100 | _aHougen, Olaf A. | ||
| 245 | 1 | 0 |
_aChemical process principles , _cby Olaf A. Hougen and Kenneth M. Watson. |
| 260 |
_aNew York, _bWiley; _aLondon, _bChapman and Hall, limited _c[1947] |
||
| 300 |
_a2 p. l., 52 diagr. _c28 x 24 cm. |
||
| 650 | 0 | _aChemical engineering. | |
| 650 | 0 | _aChemistry, Physical and theoretical. | |
| 700 | 1 |
_aWatson, Kenneth Merle, _d1903- |
|
| 942 |
_cBB _k660H8381 |
||
| 999 |
_c4377 _d4377 |
||